<?xml version="1.0" encoding="UTF-8"?>
<collection xmlns="http://www.loc.gov/MARC21/slim">
 <record>
  <leader>01074pamaa2200193   4500</leader>
  <controlfield tag="001">0000050969</controlfield>
  <controlfield tag="005">20130123090000.0</controlfield>
  <controlfield tag="008">130113s2012                             eng  </controlfield>
  <datafield tag="090" ind1="0" ind2="0">
   <subfield code="a">TA545 </subfield>
   <subfield code="b">JON 2012</subfield>
  </datafield>
  <datafield tag="100" ind1="1" ind2="1">
   <subfield code="a">Jonathan Ng Hwa Min </subfield>
  </datafield>
  <datafield tag="245" ind1="1" ind2="0">
   <subfield code="a">Preparation of bill of quantities and costing estimate for the guard house of Kimanis Petroleum Training Centre (KTC) for Sabah Oil and Gas Terminal (SOGT) project at Kimanis, Sabah with reference to SMM2  </subfield>
   <subfield code="c">Jonathan Ng Hwa Min.</subfield>
  </datafield>
  <datafield tag="260" ind1="0" ind2="0">
   <subfield code="a">Nilai: </subfield>
   <subfield code="b">INTI International University, </subfield>
   <subfield code="c">August 2012.</subfield>
  </datafield>
  <datafield tag="300" ind1=" " ind2=" ">
   <subfield code="a">114p: </subfield>
   <subfield code="b">ill.; </subfield>
   <subfield code="c">30 cm.</subfield>
  </datafield>
  <datafield tag="500" ind1="0" ind2="0">
   <subfield code="a">Number 7</subfield>
  </datafield>
  <datafield tag="500" ind1="0" ind2="0">
   <subfield code="a">Diploma in Quantity Surveying Enginnering August 2012</subfield>
  </datafield>
  <datafield tag="500" ind1="0" ind2="0">
   <subfield code="a">DQSE 45</subfield>
  </datafield>
  <datafield tag="502" ind1="0" ind2="0">
   <subfield code="a">Being a project report submitted to INTI International University as a requirements for Diploma in Quantity Surveying Enginnering August 2012 under the managment and supervision of Faculty of Engineering and Information Technology, INTI International University</subfield>
  </datafield>
  <datafield tag="650" ind1="0" ind2="0">
   <subfield code="a">Project paper -- </subfield>
   <subfield code="x">Quantity Surveying Enginnering </subfield>
  </datafield>
  <datafield tag="901" ind1=" " ind2=" ">
   <subfield code="u">http://icmlibrary.intimal.edu.my</subfield>
  </datafield>
 </record>
</collection>
